000 00580nam a2200181Ia 4500
008 190427s9999 xx 000 0 und d
100 _aMiller, Kyle
245 3 _aAn investigation of early chilhood teachers' perception of families through a photo-sharing activity/
245 _cKyle Miller.--
260 _bTaylor and Francis Group
260 _c2018
300 _apages 131-149, April-June 2018
440 _aJournal of Early Childhood Teacher Education
_v39(2)
650 _aFamilies
650 _aInvestigation
650 _aPhoto-sharing
650 _aPrerception
999 _c361698
_d361698